Events management / (Record no. 2514)
[ view plain ]
| 000 -LEADER | |
|---|---|
| fixed length control field | 00662nam a22001937a 4500 |
| 005 - DATE AND TIME OF LATEST TRANSACTION | |
| control field | 20260218060026.0 |
| 008 - FIXED-LENGTH DATA ELEMENTS--GENERAL INFORMATION | |
| fixed length control field | 260218b |||||||| |||| 00| 0 eng d |
| 020 ## - INTERNATIONAL STANDARD BOOK NUMBER | |
| International Standard Book Number | 978-621-427-175-7 |
| 082 ## - DEWEY DECIMAL CLASSIFICATION NUMBER | |
| Classification number | Fil. 394.2068 D331 2024 |
| 100 ## - MAIN ENTRY--PERSONAL NAME | |
| Personal name | Dela Cruz, Michael L. |
| 9 (RLIN) | 253 |
| 245 ## - TITLE STATEMENT | |
| Title | Events management / |
| Statement of responsibility, etc. | Michael L. .Dela Cruz, Ma. Del Carmen L. Labong |
| 250 ## - EDITION STATEMENT | |
| Edition statement | 2nd ed. |
| 260 ## - PUBLICATION, DISTRIBUTION, ETC. | |
| Place of publication, distribution, etc. | Manila: |
| Name of publisher, distributor, etc. | Unlimited Books Library & Services Publishing, |
| Date of publication, distribution, etc. | c2024 |
| 300 ## - PHYSICAL DESCRIPTION | |
| Extent | x, 114p.: |
| Other physical details | ill. |
| 504 ## - BIBLIOGRAPHY, ETC. NOTE | |
| Bibliography, etc. note | Includes bibliographical references |
| 541 ## - IMMEDIATE SOURCE OF ACQUISITION NOTE | |
| Accession number | 7904 c.1, 7905 c2 |
| 650 ## - SUBJECT ADDED ENTRY--TOPICAL TERM | |
| Topical term or geographic name entry element | Special events - Management |
| 9 (RLIN) | 254 |
| 700 ## - ADDED ENTRY--PERSONAL NAME | |
| Personal name | Labong, Ma. Del Carmen G. |
| Relator term | author |
| 9 (RLIN) | 255 |
| Withdrawn status | Lost status | Source of classification or shelving scheme | Damaged status | Not for loan | Home library | Current library | Date acquired | Total Checkouts | Full call number | Barcode | Date last seen | Copy number | Price effective from | Koha item type |
|---|---|---|---|---|---|---|---|---|---|---|---|---|---|---|
| Dewey Decimal Classification | ctu-moalboal | ctu-moalboal | 06/20/2024 | Fil. 394.2068 D331 2024 | 7904 | 02/18/2026 | 1 | 02/18/2026 | Books-Filipiniana | |||||
| Dewey Decimal Classification | ctu-moalboal | ctu-moalboal | 06/20/2024 | Fil. 394.2068 D331 2024 | 7905 | 02/18/2026 | 2 | 02/18/2026 | Books-Filipiniana |